1426 1727 1907 1612 1026 1835 1407 1155 1014 1871 1876 1436 1340 1992 1823 1320 1740 1309 1002 1788 1291 1792 1130 1318 1278 1970 1318 1444 1457 1244 1589 1528 1611 1976 1758 1642 1386 1748 1380 1662 1254 1814 1036 1231 1694 1774 1039 1612 1138 1263 1352 1945 1338 1254 1759 1378 1547 1586 1450 1078 1292 1427 1152 1982 1627 1186 1149 1717 1824 1207 1888 1595 1778 1018 1999 1371 1949 1622 1838 1392 1848 1443 1709 1484 1130 1114 1276 1452 1891 1281 1568 1180 1451 1618 1405 1753 1588 1248 1355 BCNSPRNW ULIB Ver.6.0+V

เปลี่ยนเป็นภาษาไทย

Change to English
 แสดงรายละเอียดบรรณานุกรม
  กลับหน้าหลัก

Brief Record : Get Marc (ISO 2709) : E-mail record : QR code < ปิดหน้าต่าง
LEADER : 00000nam 2200000uu 4500
001    13399120244
003     ULIB
008    020711s2548 th a 000 0 tha d
020    9743345981
050    QT104 ช227ส
100    ชลลดา บูรณกาล
245    สรีรวิทยาของผนังเซลล์/^cชลลดา บูรณกาล
250    พิมพ์ครั้งที่ 3
260    กรุงเทพฯ :^bตีรณสาร,^c2548
650    สรีรวิทยา^xโครงสร้าง^yหน้าที่
945    ^p0^l0^i24022
999    ^aทศพร เกษรทอง
รายการนี้ยังไม่มีแท็ก
คุณยังไม่ได้ล็อกอิน คุณสามารถมีกิจกรรมร่วมกับเว็บไซต์ได้ แต่ต้องล็อกอินก่อน ::
  ล็อกอิน

รายการสื่อสารสนเทศ

ลำดับที่ ประเภท เลขเรียก/บาร์โค้ด สถานที่ สถานะ
1. วิทยาศาสตร์การแพทย์ และสุขภาพ
วิทยาศาสตร์การแพทย์ และสุขภาพ
QT104 ช227ส  
  Barcode: 24022
ห้องสมุดวิทยาเขตสวรรค์ประชารักษ์
►หนังสือทั่วไป
บนชั้น

BibComment


ยังไม่เคยถูกคอมเมนท์

คอมเมนท์ทรัพยากรรายการนี้
  คอมเมนท์: สรีรวิทยาของผนังเ..


 Copyright 2026. Bcnsprnw @Library